Marketing a reklama študijný text

Saved in:
Bibliographic Details
Main Author: Lesáková, Dagmar, 1949-
Format: Book
Language:Slovak
Published: Bratislava ÚĎVEM pri EU 1996
Series:Manažment malého a stredného podnikania
Subjects:
Tags: Add Tag
No Tags, Be the first to tag this record!

MARC

LEADER 00000nam a2200000 4500
001 c102669
005 20240422122208.1
020 |a 80-225-0761-X 
041 0 |a slo 
044 |a SK 
245 1 0 |a Marketing a reklama  |b študijný text  |c Dagmar Lesáková 
264 1 |a Bratislava  |b ÚĎVEM pri EU  |c 1996 
300 |a 74 s. 
490 1 |a Manažment malého a stredného podnikania 
830 0 |a Manažment malého a stredného podnikania 
610 2 0 |a marketing 
610 2 0 |a reklama 
610 2 0 |a výskum trhu 
610 2 0 |a výrobky nové 
610 2 0 |a plánovanie podnikové 
610 2 0 |a plán marketingový 
610 2 0 |a komunikácia marketingová 
610 2 0 |a podpora predaja 
610 2 0 |a marketing mix 
610 2 0 |a maloobchod 
610 2 0 |a služby 
100 1 |a Lesáková, Dagmar, 1949-